000 00666nam a22002417a 4500
003 UA-OsUOA
001 20501
007 ta
008 20031031b un ||||| |||| 00| 0 ukr d
100 _aШибанов Ф.А.
090 _a912.43(47+57)
_bШ55
942 _cBK
040 _aUA-OsUOA
_brus
_cUA-OsUOA
_dUA-OsUOA
245 _aОчерки по истории отечественной картографии
300 _a159 с.
955 _a0
041 _arus
080 _a912.43(47+57)
260 _aЛенинград
_bИзд-во Ленинградского унверситета
_c1971
044 _aRU
650 7 _2UDC
999 _c306680
_d306680